眼力挑战 - 孑孓扫雷 Find the bugs! - sudden death - Statistics

General Stats
  • This quiz has been taken 1 219 times
  • The average score is 17 of 20
Answers on the Grid
Answers color-coded by a green-red scale on the quiz's grid according to % correct below.
 
Answer Stats
Answer % Correct
92%
91%
91%
91%
91%
91%
90%
90%
89%
88%
81%
78%
78%
78%
78%
77%
76%
76%
75%
74%
No matching quizzes found
Score Distribution
Percent of People with Each Score
Percentile by Number Answered
Your Score History
You have not taken this quiz